Associe les artistes francophones avec leur titre de chanson VOL3 - Statistiques

Statistiques générales
  • Ce quiz a été pris 60 fois
  • Le résultat moyen est 8 sur 21
Statistiques - réponses
Hint Réponse % Correct
Daft Punk One More Time
80%
Aya Nakamura Comportement
71%
Gims APPELLE TA COPINE
69%
Olivia Ruiz Elle panique
64%
Petit biscuit Sunset Lover
58%
Tété A la faveur de l'automne
55%
Superbus Butterfly
55%
Jean-Louis Aubert Temps à nouveau
49%
Stromae Santé
45%
Styleto Faut que tu m'aimes
35%
Grand corps malade Les voyages en train
29%
Saez J'accuse
27%
Camille Ta douleur
27%
Slimane La recette
25%
Axelle Red Rouge ardent
22%
Chimène Badi Le jour d'après
18%
Shy'm Prendre l'air
18%
Calogero Prendre racine
18%
Kimberose Back on My Feet
16%
Miossec Brest
15%
Zaho de Sagazan La fontaine de sang
11%
Aucun quiz correspondant
Distribution des résultats
% des personnes avec chaque résultat
Percentile par nombre de réponses
Votre historique - résultats
Vous n’avez pas pris ce quiz